[Event "CRO-chT2 Qual 1B Liga"]
[Site "Trogir"]
[Date "2021.11.21"]
[Round "3.1"]
[White "Malenica, Mario"]
[Black "Miletic, Josip"]
[Result "1/2-1/2"]
[WhiteElo "2201"]
[BlackElo "2147"]
[PlyCount "108"]
[EventDate "2021.11.19"]
[EventType "team-tourn"]
[EventRounds "3"]
[EventCountry "CRO"]
[SourceTitle "EXT 2023"]
[Source "ChessBase"]
[SourceDate "2022.10.05"]
[SourceVersion "1"]
[SourceVersionDate "2022.10.05"]
[SourceQuality "1"]
[WhiteTeam "Sibenik"]
[BlackTeam "Nasice Slavonac"]
[WhiteTeamCountry "CRO"]
[BlackTeamCountry "CRO"]

1. c4 e5 2. Nc3 Nf6 3. Nf3 Nc6 4. g3 Be7 5. Bg2 0-0 6. 0-0 d6 7. d3 h6 8. Rb1 a5 9. a3 d5 10. cxd5 Nxd5 11. Nxe5 Nxc3 12. Nxc6 Nxd1 13. Nxd8 Nxf2 14. Nc6 Bc5 15. d4 Nh3+ 16. Bxh3 Bxh3 17. dxc5 bxc6 18. Rf2 Rfe8 19. Bf4 Re7 20. Bd2 a4 21. Bc3 Rae8 22. Re1 Re4 23. Rf4 Rxe2 24. Rxe2 Rxe2 25. Rh4 Bf5 26. Rxa4 g5 27. g4 Bd7 28. Ra8+ Re8 29. Rxe8+ Bxe8 30. Kf2 Bd7 31. Kf3 f5 32. h3 Kf7 33. Be5 Kg6 34. Bxc7 h5 35. gxf5+ Bxf5 36. Kg3 h4+ 37. Kh2 g4 38. hxg4 Bxg4 39. Bd8 h3 40. Kg3 Bc8 41. Kf3 Kf5 42. Bc7 Ba6 43. Ke3 Ke6 44. Kd4 Kd7 45. Bg3 Be2 46. Bh2 Kc8 47. Ke3 Bc4 48. Kd4 Be2 49. Kc3 Kb7 50. b3 Bd1 51. a4 Ka6 52. Kb2 Ka5 53. Ka3 Be2 54. Be5 Bd1 1/2-1/2

[Event "CRO-chT2 Qual 1B Liga"]
[Site "Trogir"]
[Date "2021.11.20"]
[Round "2.1"]
[White "Starcevic, Ante Leon"]
[Black "Malenica, Mario"]
[Result "1/2-1/2"]
[WhiteElo "2257"]
[BlackElo "2201"]
[PlyCount "85"]
[EventDate "2021.11.19"]
[EventType "team-tourn"]
[EventRounds "3"]
[EventCountry "CRO"]
[SourceTitle "EXT 2023"]
[Source "ChessBase"]
[SourceDate "2022.10.05"]
[SourceVersion "1"]
[SourceVersionDate "2022.10.05"]
[SourceQuality "1"]
[WhiteTeam "Sveta Nedelja"]
[BlackTeam "Sibenik"]
[WhiteTeamCountry "CRO"]
[BlackTeamCountry "CRO"]

1. d4 Nf6 2. c4 g6 3. Nc3 Bg7 4. e4 d6 5. f4 0-0 6. Nf3 c5 7. d5 e6 8. dxe6 Bxe6 9. Bd3 Bg4 10. 0-0 Nc6 11. h3 Bxf3 12. Qxf3 Nd4 13. Qf2 Nd7 14. f5 Ne5 15. Bb1 Re8 16. f6 Bf8 17. b3 a6 18. Be3 b5 19. cxb5 Nxb5 20. Nd5 Nc7 21. Qh4 Nxd5 22. exd5 Ng4 23. Bg5 Ne3 24. Re1 Nxd5 25. Be4 Re5 26. Rad1 Nc3 27. Bxa8 Nxd1 28. Bf3 Nc3 29. a4 Qe8 30. Bd2 Ne2+ 31. Kf1 Nd4 32. Bd5 Nf5 33. Qf2 Nd4 34. a5 Qb5+ 35. Bc4 Qc6 36. Rxe5 dxe5 37. Kg1 h5 38. Qg3 Qxf6 39. Qd3 Kg7 40. Bc3 Bd6 41. Bxa6 Qf4 42. Bd2 Qf5 43. Qxf5 1/2-1/2

[Event "CRO-chT1B 28th"]
[Site "Mali Losinj"]
[Date "2019.10.05"]
[Round "8.14"]
[White "Zufic, Miroslav"]
[Black "Malenica, Mario"]
[Result "1-0"]
[WhiteElo "2382"]
[BlackElo "2221"]
[PlyCount "77"]
[EventDate "2019.09.28"]
[EventType "team-tourn"]
[EventRounds "9"]
[EventCountry "CRO"]
[SourceTitle "EXT 2020"]
[Source "ChessBase"]
[SourceDate "2019.10.17"]
[SourceVersion "1"]
[SourceVersionDate "2019.10.17"]
[SourceQuality "1"]
[WhiteTeam "Pula"]
[BlackTeam "Sibenik"]
[WhiteTeamCountry "CRO"]
[BlackTeamCountry "CRO"]

1. e4 c5 2. Nf3 Nc6 3. d4 cxd4 4. Nxd4 g6 5. Nc3 Bg7 6. Be3 Nf6 7. Bc4 0-0 8. Bb3 a5 9. Ndb5 d6 10. f3 Nd7 11. Na4 b6 12. Qd2 Ba6 13. c4 Nc5 14. 0-0 Rb8 15. Nac3 Nxb3 16. axb3 Nb4 17. Nd4 Qc8 18. Nd5 Nxd5 19. exd5 Bb7 20. Nb5 Ba8 21. Rfe1 Re8 22. Qf2 Qd7 23. Bxb6 Bxb2 24. Qxb2 Rxb6 25. Rxa5 Rbb8 26. Ra7 Bb7 27. Qd4 e6 28. dxe6 Rxe6 29. Rxe6 Qxe6 30. h3 d5 31. Qf4 Qc8 32. Kh2 dxc4 33. bxc4 Qf8 34. Nd6 Qe7 35. c5 Qc7 36. c6 Qxc6 37. Qxf7+ Kh8 38. Nxb7 g5 39. Nd8 1-0

[Event "CRO-chT1B 28th"]
[Site "Mali Losinj"]
[Date "2019.10.03"]
[Round "6.15"]
[White "Malenica, Mario"]
[Black "Vernacki, Srdjan"]
[Result "0-1"]
[WhiteElo "2221"]
[BlackElo "2318"]
[PlyCount "92"]
[EventDate "2019.09.28"]
[EventType "team-tourn"]
[EventRounds "9"]
[EventCountry "CRO"]
[SourceTitle "EXT 2020"]
[Source "ChessBase"]
[SourceDate "2019.10.17"]
[SourceVersion "1"]
[SourceVersionDate "2019.10.17"]
[SourceQuality "1"]
[WhiteTeam "Sibenik"]
[BlackTeam "Strigova Stridon"]
[WhiteTeamCountry "CRO"]
[BlackTeamCountry "CRO"]

1. Nf3 c5 2. g3 b6 3. Bg2 Bb7 4. c4 Nf6 5. 0-0 e6 6. b3 Be7 7. Bb2 0-0 8. Nc3 a6 9. d4 cxd4 10. Qxd4 d6 11. Rfd1 Nbd7 12. Rac1 Qc7 13. Ne1 Bxg2 14. Nxg2 Qb7 15. Ne3 b5 16. cxb5 axb5 17. b4 d5 18. f4 Bd8 19. Qd3 Bb6 20. Nb1 Rxa2 21. Bd4 Bxd4 22. Qxd4 Ne4 23. Kf1 Nb6 24. Nc3 Nxc3 25. Rxc3 Nc4 26. Ng4 Qe7 27. Rb3 Ra4 28. Rdb1 h6 29. Ne5 Rc8 30. Nf3 Na3 31. R1b2 Rc1+ 32. Kf2 Nc4 33. Rb1 Rxb1 34. Rxb1 Rxb4 35. Ra1 Ra4 36. Rb1 Na3 37. Qd3 Nxb1 38. Qxb1 Qc5+ 39. Kg2 Qc4 40. Qd1 Ra2 41. Kf2 b4 42. Nd4 Ra3 43. f5 e5 44. Nf3 Rxf3+ 45. Kxf3 b3 46. f6 Qe4+ 0-1

[Event "CRO-chT1B 27th"]
[Site "Biograd"]
[Date "2018.09.21"]
[Round "7.24"]
[White "Malenica, Mario"]
[Black "Plenca, Jadranko"]
[Result "1/2-1/2"]
[WhiteElo "2212"]
[BlackElo "2417"]
[PlyCount "93"]
[EventDate "2018.09.15"]
[EventType "team-swiss"]
[EventRounds "9"]
[EventCountry "CRO"]
[SourceTitle "CBM 186 Extra"]
[Source "ChessBase"]
[SourceDate "2018.08.24"]
[SourceVersion "1"]
[SourceVersionDate "2018.08.24"]
[SourceQuality "1"]
[WhiteTeam "Sibenik"]
[BlackTeam "Split Mornar"]
[WhiteTeamCountry "CRO"]
[BlackTeamCountry "CRO"]

1. c4 Nf6 2. Nc3 g6 3. g3 Bg7 4. Bg2 0-0 5. Nf3 d6 6. 0-0 Nc6 7. d3 e5 8. Bg5 h6 9. Bxf6 Bxf6 10. Rb1 a5 11. a3 Bg7 12. b4 axb4 13. axb4 Ne7 14. Nd5 c6 15. Nxe7+ Qxe7 16. Qc2 Be6 17. Nd2 d5 18. b5 Ra3 19. Rb3 Rfa8 20. Rxa3 Rxa3 21. Rb1 Qc5 22. Rb3 Ra8 23. Rb1 Kh7 24. Nb3 Qa7 25. Nd2 Qa2 26. Rb2 Qa3 27. Rb1 h5 28. h4 Rd8 29. Nf3 Bf6 30. bxc6 bxc6 31. cxd5 cxd5 32. Qc1 Qxc1+ 33. Rxc1 Bg4 34. Rc2 Kh6 35. Kh2 Rd6 36. Bh3 Bxf3 37. exf3 Bd8 38. Bc8 Bb6 39. Kg2 g5 40. hxg5+ Kxg5 41. Bb7 Bd4 42. Rc8 Rb6 43. Bxd5 Rb2 44. Rg8+ Kf6 45. Rf8 Rxf2+ 46. Kh3 Rd2 47. Rh8 1/2-1/2

[Event "CRO-chT1B 27th"]
[Site "Biograd"]
[Date "2018.09.18"]
[Round "4.55"]
[White "Ivic, Mateo"]
[Black "Malenica, Mario"]
[Result "0-1"]
[WhiteElo "2223"]
[BlackElo "2212"]
[PlyCount "80"]
[EventDate "2018.09.15"]
[EventType "team-swiss"]
[EventRounds "9"]
[EventCountry "CRO"]
[SourceTitle "CBM 186 Extra"]
[Source "ChessBase"]
[SourceDate "2018.08.24"]
[SourceVersion "1"]
[SourceVersionDate "2018.08.24"]
[SourceQuality "1"]
[WhiteTeam "Split Brda"]
[BlackTeam "Sibenik"]
[WhiteTeamCountry "CRO"]
[BlackTeamCountry "CRO"]

1. e4 c5 2. Nf3 g6 3. d4 cxd4 4. c3 Bg7 5. Bc4 Nc6 6. cxd4 e6 7. Nc3 Nge7 8. d5 Ne5 9. Nxe5 Bxe5 10. 0-0 Qc7 11. Bb3 a6 12. Bg5 h6 13. Bxe7 Kxe7 14. g3 b5 15. Rc1 Qb6 16. Kg2 Bb7 17. Qd3 Rac8 18. Rfd1 Rhd8 19. f4 Bg7 20. Kh3 Kf8 21. Rc2 a5 22. a3 Ba6 23. Qd2 b4 24. Na4 Qb5 25. Rxc8 Rxc8 26. axb4 Qxb4 27. Qxb4+ axb4 28. e5 Ke7 29. Nb6 Rb8 30. dxe6 dxe6 31. Rd7+ Kf8 32. Rd6 Bf1+ 33. Kh4 Kg8 34. Nd7 Rd8 35. g4 Bb5 36. Nc5 Rxd6 37. exd6 Kf8 38. f5 Bd4 39. Ne4 gxf5 40. gxf5 exf5 0-1

[Event "CRO-chT1B 27th"]
[Site "Biograd"]
[Date "2018.09.17"]
[Round "3.25"]
[White "Malenica, Mario"]
[Black "Vujakovic, Branko"]
[Result "1/2-1/2"]
[WhiteElo "2212"]
[BlackElo "2340"]
[PlyCount "103"]
[EventDate "2018.09.15"]
[EventType "team-swiss"]
[EventRounds "9"]
[EventCountry "CRO"]
[SourceTitle "CBM 186 Extra"]
[Source "ChessBase"]
[SourceDate "2018.08.24"]
[SourceVersion "1"]
[SourceVersionDate "2018.08.24"]
[SourceQuality "1"]
[WhiteTeam "Sibenik"]
[BlackTeam "Zagreb Hask Mladost"]
[WhiteTeamCountry "CRO"]
[BlackTeamCountry "CRO"]

1. c4 Nf6 2. Nc3 d5 3. cxd5 Nxd5 4. g3 g6 5. Bg2 Nb6 6. Nf3 Bg7 7. 0-0 0-0 8. d3 Nc6 9. Be3 e5 10. a4 a5 11. Bxb6 cxb6 12. Nd2 Be6 13. Nc4 Rc8 14. Nb5 Bxc4 15. dxc4 Nd4 16. Nxd4 Qxd4 17. Bd5 Rc7 18. e3 Qc5 19. Ra3 b5 20. axb5 b6 21. Ra4 Re8 22. Qd2 Bf8 23. Rb1 Qe7 24. b4 axb4 25. Rbxb4 Qf6 26. Rb2 Kg7 27. Rba2 Bc5 28. Bc6 Rd8 29. Qe2 Qe7 30. h4 h5 31. Ra8 Rxa8 32. Rxa8 Ra7 33. Re8 Qf6 34. Qb2 Re7 35. Ra8 Qd6 36. Kg2 Qf6 37. Qa1 Qd6 38. Bd5 Rd7 39. f4 Re7 40. Kf3 Kh7 41. Rf8 Qf6 42. e4 Bd4 43. Qc1 Ra7 44. Kg2 Bc5 45. Ra8 Rxa8 46. Bxa8 exf4 47. Qxf4 Qb2+ 48. Kh3 Qa1 49. Qxf7+ Kh6 50. Qf4+ Kh7 51. Qf7+ Kh6 52. Qf4+ 1/2-1/2

[Event "CRO-chT1B 25th"]
[Site "Sibenik"]
[Date "2016.10.16"]
[Round "9.2"]
[White "Bender, Ivan"]
[Black "Malenica, Mario"]
[Result "1-0"]
[WhiteElo "2164"]
[BlackElo "2202"]
[PlyCount "113"]
[EventDate "2016.10.08"]
[EventType "team-tourn"]
[EventRounds "9"]
[EventCountry "CRO"]
[SourceTitle "EXT 2017"]
[Source "ChessBase"]
[SourceDate "2016.10.25"]
[SourceVersion "1"]
[SourceVersionDate "2016.10.25"]
[SourceQuality "1"]
[WhiteTeam "Dubrovnik"]
[BlackTeam "Sibenik"]
[WhiteTeamCountry "CRO"]
[BlackTeamCountry "CRO"]

1. e4 c5 2. Nf3 g6 3. d4 cxd4 4. Nxd4 Nc6 5. Be2 Bg7 6. Nb3 Nf6 7. Nc3 0-0 8. 0-0 d6 9. Bg5 Be6 10. Qd2 Qc8 11. Rfd1 Rd8 12. Qe3 Nb4 13. Nd4 Bc4 14. a3 Bxe2 15. Qxe2 Nc6 16. Nxc6 bxc6 17. e5 dxe5 18. Qxe5 Qb7 19. Rxd8+ Rxd8 20. Qa5 Rd7 21. Qb4 Nd5 22. Qxb7 Rxb7 23. Nxd5 cxd5 24. Rb1 Kf8 25. b3 Ke8 26. Ra1 d4 27. Bd2 Rc7 28. Rc1 Kd7 29. Kf1 e5 30. Ke2 Ke6 31. c3 Rb7 32. b4 f5 33. cxd4 exd4 34. Rc6+ Kd7 35. Rc5 Rc7 36. Rxc7+ Kxc7 37. Kd3 Kc6 38. Kc4 a6 39. Bf4 Bf6 40. f3 Bg7 41. a4 Bf6 42. h3 Bg7 43. Bg3 Bf8 44. b5+ axb5+ 45. axb5+ Kb6 46. Bf2 Bg7 47. Bxd4+ Bxd4 48. Kxd4 Kxb5 49. Ke5 Kc4 50. Kf6 Kd4 51. Kg7 Ke5 52. Kxh7 Kf6 53. f4 g5 54. g3 gxf4 55. gxf4 Kf7 56. Kh6 Kf6 57. Kh5 1-0

[Event "CRO-chT1B 24th"]
[Site "Bol"]
[Date "2015.10.04"]
[Round "2.36"]
[White "Malenica, Mario"]
[Black "Glavas, Dragan"]
[Result "1-0"]
[WhiteElo "2199"]
[BlackElo "2228"]
[PlyCount "135"]
[EventDate "2015.10.03"]
[EventType "team-tourn"]
[EventRounds "9"]
[EventCountry "CRO"]
[SourceTitle "CBM 168 Extra"]
[Source "ChessBase"]
[SourceDate "2015.10.29"]
[SourceVersion "1"]
[SourceVersionDate "2015.10.29"]
[SourceQuality "1"]
[WhiteTeam "Sibenik"]
[BlackTeam "Pula CC"]
[WhiteTeamCountry "CRO"]
[BlackTeamCountry "CRO"]

1. Nf3 d5 2. g3 c6 3. Bg2 Bg4 4. c4 dxc4 5. Na3 Qd5 6. Qc2 b5 7. b3 cxb3 8. axb3 e5 9. Bb2 Bxa3 10. Rxa3 f6 11. 0-0 Qe6 12. d4 e4 13. Nd2 e3 14. Ne4 Ne7 15. b4 Nd5 16. Qc5 Nd7 17. Nd6+ Ke7 18. Qxc6 exf2+ 19. Rxf2 Nxb4 20. d5 Nxc6 21. dxe6 Kxd6 22. Rd3+ Kxe6 23. Bxc6 Ne5 24. Bxe5 Kxe5 25. Rd5+ Ke6 26. Bxa8 Rxa8 27. Rxb5 a6 28. Ra5 Ke7 29. Rf4 Bd7 30. Rb4 Ra7 31. Rb6 Bc8 32. Kf2 Rc7 33. Rb2 Rc3 34. Raa2 Rc5 35. e4 a5 36. Rc2 Rxc2+ 37. Rxc2 Bd7 38. Rc7 a4 39. Ke3 g5 40. Kd4 Kd6 41. Ra7 h5 42. h4 gxh4 43. gxh4 Ke6 44. Ra6+ Kf7 45. Ra5 Kg6 46. Ra7 Be8 47. Kc5 Kh6 48. Re7 Bg6 49. Kd4 f5 50. e5 f4 51. Re6 Kg7 52. Rf6 Bc2 53. Kc3 Bb3 54. Rxf4 Kg6 55. Rf6+ Kg7 56. Ra6 Kf7 57. Kd4 Ke7 58. Ke4 Kf7 59. Kf4 Ke7 60. Kg5 Bd1 61. Rd6 Bb3 62. Kxh5 a3 63. Ra6 a2 64. Kg5 Bc4 65. Ra7+ Ke6 66. h5 Kxe5 67. h6 Bg8 68. Rxa2 1-0

[Event "CRO-CupT final"]
[Site "Sibenik"]
[Date "2015.05.21"]
[Round "3.12"]
[White "Malenica, Mario"]
[Black "Brajdic, Danko"]
[Result "0-1"]
[WhiteElo "2209"]
[BlackElo "2133"]
[PlyCount "114"]
[EventDate "2015.05.20"]
[EventType "team-swiss"]
[EventRounds "6"]
[EventCountry "CRO"]
[SourceTitle "CBM 166 Extra"]
[Source "ChessBase"]
[SourceDate "2015.06.18"]
[SourceVersion "1"]
[SourceVersionDate "2015.06.18"]
[SourceQuality "1"]
[WhiteTeam "Sibenik"]
[BlackTeam "Zagreb Koncar"]
[WhiteTeamCountry "CRO"]
[BlackTeamCountry "CRO"]

1. c4 g6 2. g3 Bg7 3. Bg2 d6 4. Nf3 Nf6 5. 0-0 0-0 6. Nc3 c6 7. d3 e5 8. Rb1 Re8 9. b4 d5 10. cxd5 cxd5 11. Bg5 h6 12. Bxf6 Bxf6 13. e4 d4 14. Nd5 Be6 15. Nd2 Be7 16. Nc4 Bxd5 17. exd5 Bd6 18. b5 Qe7 19. Qd2 Kg7 20. f4 Nd7 21. f5 g5 22. f6+ Nxf6 23. Qf2 Rad8 24. Rbe1 b6 25. Qf5 e4 26. Bxe4 Bb4 27. d6 Qe6 28. Rb1 Qxf5 29. Rxf5 Nxe4 30. dxe4 Bxd6 31. Rbf1 Re7 32. Rd5 Bc7 33. Rxd8 Bxd8 34. Nd6 Kg6 35. Rd1 Bc7 36. Rxd4 Bxd6 37. Rxd6+ Kg7 38. Rd4 Kf6 39. Kf2 Rc7 40. a4 Ke5 41. Rb4 Rc2+ 42. Kf3 Rxh2 43. Rc4 Ra2 44. Kg4 Ra3 45. Rc7 Rxa4 46. Rxf7 Kxe4 47. Kh5 Ra5 48. g4 Rxb5 49. Rxa7 Rd5 50. Kxh6 b5 51. Kg6 Kf4 52. Kh5 Ke3 53. Kg6 Kd4 54. Kf6 b4 55. Ke6 Rb5 56. Rf7 b3 57. Rf5 Rb6+ 0-1

[Event "CRO-chT1B"]
[Site "Bol"]
[Date "2014.10.08"]
[Round "5.2"]
[White "Jovanovic, Milenko"]
[Black "Malenica, Mario"]
[Result "1/2-1/2"]
[WhiteElo "2177"]
[BlackElo "2222"]
[PlyCount "62"]
[EventDate "2014.10.04"]
[EventType "team-tourn"]
[EventRounds "9"]
[EventCountry "CRO"]
[SourceTitle "CBM 162 Extra"]
[Source "ChessBase"]
[SourceDate "2014.10.17"]
[SourceVersion "1"]
[SourceVersionDate "2014.10.17"]
[SourceQuality "1"]
[WhiteTeam "Vukovar Slaven"]
[BlackTeam "Sibenik"]
[WhiteTeamCountry "CRO"]
[BlackTeamCountry "CRO"]

1. d4 d5 2. c4 e6 3. cxd5 exd5 4. Nc3 Nf6 5. Bg5 Be7 6. e3 c6 7. Bd3 Nbd7 8. Qc2 0-0 9. Nf3 Re8 10. 0-0 Ne4 11. Bxe7 Qxe7 12. Bxe4 dxe4 13. Nd2 Nf6 14. Rae1 h6 15. f3 Bf5 16. fxe4 Bxe4 17. Ncxe4 Nxe4 18. Nxe4 Qxe4 19. Qxe4 Rxe4 20. Rf3 f6 21. Rc1 Rd8 22. Rc5 Kf7 23. Kf2 Rd7 24. h3 Rd6 25. Rc3 Rd7 26. Rf5 a6 27. Kf3 Re6 28. Rfc5 Red6 29. Rc2 Rd5 30. Rxd5 Rxd5 31. g4 Ke6 1/2-1/2

[Event "CRO-chT2"]
[Site "Bol"]
[Date "2013.09.14"]
[Round "1.3"]
[White "Horvat, David"]
[Black "Malenica, Mario"]
[Result "0-1"]
[WhiteElo "2176"]
[BlackElo "2221"]
[PlyCount "114"]
[EventDate "2013.09.14"]
[EventType "team-tourn"]
[EventRounds "9"]
[EventCountry "CRO"]
[SourceTitle "CBM 156 Extra"]
[Source "ChessBase"]
[SourceDate "2013.10.22"]
[SourceVersion "1"]
[SourceVersionDate "2013.10.22"]
[SourceQuality "1"]
[WhiteTeam "Strigova Stridon"]
[BlackTeam "Sibenik"]
[WhiteTeamCountry "CRO"]
[BlackTeamCountry "CRO"]

1. e4 d6 2. d4 Nf6 3. Nc3 g6 4. Be3 c6 5. f3 b5 6. g4 Nbd7 7. Nge2 Nb6 8. Ng3 b4 9. Nce2 h5 10. g5 Nfd7 11. h4 d5 12. e5 e6 13. Nf4 Qc7 14. Bd3 Rg8 15. c3 c5 16. Rc1 c4 17. Bc2 a5 18. Kf2 Ba6 19. Re1 Bb5 20. Bd2 Qc6 21. Nf1 Ba4 22. Ne3 Bxc2 23. Qxc2 Qb5 24. Rb1 b3 25. axb3 cxb3 26. Qd3 Qxd3 27. Nxd3 Nc4 28. Nxc4 dxc4 29. Nf4 Nb6 30. Ke3 Kd7 31. Ke4 Kc6 32. Red1 a4 33. Bc1 Nd5 34. Nxd5 exd5+ 35. Ke3 Be7 36. f4 Kd7 37. f5 gxf5 38. Ra1 Ra6 39. Kf4 Ke6 40. Rd2 Rga8 41. Rg2 Bf8 42. g6 fxg6 43. Rxg6+ Kf7 44. Rxa6 Rxa6 45. Kxf5 a3 46. bxa3 Be7 47. Bb2 Rg6 48. Rb1 Bxh4 49. a4 Bd8 50. Bc1 Rg1 51. e6+ Ke8 52. Ra1 h4 53. Rb1 h3 54. Rb2 Rg2 55. Rb1 Rg1 56. Rb2 Rxc1 57. Rh2 Rxc3 0-1

[Event "CRO-chT1B 20th"]
[Site "Sibenik"]
[Date "2011.10.05"]
[Round "2.4"]
[White "Malenica, Mario"]
[Black "Bender, Ivan"]
[Result "0-1"]
[WhiteElo "2227"]
[BlackElo "2263"]
[PlyCount "102"]
[EventDate "2011.10.04"]
[EventType "team-tourn"]
[EventRounds "9"]
[EventCountry "CRO"]
[SourceTitle "CBM 144 Extra"]
[Source "ChessBase"]
[SourceDate "2011.10.28"]
[SourceVersion "1"]
[SourceVersionDate "2011.10.28"]
[SourceQuality "1"]
[WhiteTeam "Sibenik"]
[BlackTeam "Dubrovnik"]
[WhiteTeamCountry "CRO"]
[BlackTeamCountry "CRO"]

1. d4 Nf6 2. Nf3 e6 3. c4 b6 4. Bg5 Bb7 5. Nc3 Be7 6. e3 h6 7. Bh4 Ne4 8. Bxe7 Qxe7 9. Nxe4 Bxe4 10. Nd2 Bb7 11. Bd3 Qg5 12. Qe2 Qxg2 13. 0-0-0 Qh3 14. Rhg1 g6 15. f4 Qh4 16. Rg4 Qe7 17. a3 d6 18. c5 dxc5 19. dxc5 Nd7 20. cxb6 axb6 21. Kb1 0-0-0 22. Nb3 Nf6 23. Rgg1 Rd6 24. Ba6 Rhd8 25. Nd4 e5 26. fxe5 Qxe5 27. Rc1 Ne4 28. Rc2 Kb8 29. Rgc1 c5 30. Bxb7 Kxb7 31. Qb5 Qe8 32. Qe2 R6d7 33. Nb3 Rd3 34. Na1 Nd2+ 35. Rxd2 Rxd2 36. Qf3+ Ka6 37. Nb3 R2d5 38. Rc4 R8d6 39. Qf4 Kb7 40. a4 g5 41. Qf3 f5 42. a5 Qc6 43. Ka2 Re5 44. e4 b5 45. Rc2 c4 46. Nd2 fxe4 47. Qf8 Re8 48. Qf7+ Qd7 49. Qf2 e3 50. Qg2+ Qc6 51. Nf3 Rf6 0-1

[Event "CRO-Cup 19th"]
[Site "Sibenik"]
[Date "2010.05.23"]
[Round "6"]
[White "Crnogorac, Zeljko"]
[Black "Malenica, Mario"]
[Result "0-1"]
[WhiteElo "1907"]
[BlackElo "2227"]
[PlyCount "88"]
[EventDate "2010.05.19"]
[EventType "team-tourn"]
[EventRounds "6"]
[EventCountry "CRO"]
[SourceTitle "CBM 136 Extra"]
[Source "ChessBase"]
[SourceDate "2010.07.02"]
[SourceVersion "2"]
[SourceVersionDate "2010.07.15"]
[SourceQuality "1"]

1. d4 Nf6 2. c4 g6 3. Nc3 Bg7 4. Nf3 d6 5. e4 0-0 6. Bd3 Bg4 7. h3 Bxf3 8. Qxf3 Nc6 9. Be3 e5 10. dxe5 dxe5 11. Rd1 Nd4 12. Bxd4 exd4 13. Nd5 Nd7 14. 0-0 c6 15. Nf4 Qb6 16. b3 a5 17. Rfe1 a4 18. Bc2 axb3 19. axb3 Ra2 20. Qe2 Rfa8 21. Nd3 Nc5 22. Nxc5 Qxc5 23. Qd3 b5 24. Re2 Rb2 25. Rb1 Rba2 26. g3 h5 27. Kg2 R8a3 28. Kf1 bxc4 29. Qxc4 Qxc4 30. bxc4 Rc3 31. Bd3 Raa3 32. Rb8+ Kh7 33. Bb1 d3 34. Ra2 Rc1+ 35. Kg2 Rxb1 36. Rxb1 Rxa2 37. Rd1 d2 38. Kf1 Rc2 39. Ke2 Bc3 40. f4 Rc1 41. g4 h4 42. g5 Kg7 43. f5 Kf8 44. e5 gxf5 0-1

[Event "CRO-Cup 19th"]
[Site "Sibenik"]
[Date "2010.05.20"]
[Round "3"]
[White "Malenica, Mario"]
[Black "Nakic, Zeljko"]
[Result "1/2-1/2"]
[WhiteElo "2227"]
[BlackElo "2118"]
[PlyCount "40"]
[EventDate "2010.05.19"]
[EventType "team-tourn"]
[EventRounds "6"]
[EventCountry "CRO"]
[SourceTitle "CBM 136 Extra"]
[Source "ChessBase"]
[SourceDate "2010.07.02"]
[SourceVersion "2"]
[SourceVersionDate "2010.07.15"]
[SourceQuality "1"]

1. d4 Nf6 2. Nf3 g6 3. c4 Bg7 4. Nc3 0-0 5. Bf4 d6 6. e3 Bg4 7. Be2 Nbd7 8. 0-0 c6 9. b4 Ne8 10. a3 e6 11. Rc1 f5 12. Bg5 Bf6 13. Bxf6 Qxf6 14. d5 cxd5 15. cxd5 Bxf3 16. Bxf3 e5 17. Nb5 Qd8 18. Qb3 a6 19. Nc3 Rf7 20. Rc2 Nb6 1/2-1/2

[Event "CRO-chT1B 18th"]
[Site "Sibenik"]
[Date "2009.09.26"]
[Round "6"]
[White "Malenica, Mario"]
[Black "Ramesa, Marin"]
[Result "1-0"]
[WhiteElo "2223"]
[BlackElo "2229"]
[PlyCount "91"]
[EventDate "2009.09.21"]
[EventType "team-tourn"]
[EventRounds "9"]
[EventCountry "CRO"]
[SourceTitle "EXT 2010"]
[Source "ChessBase"]
[SourceDate "2010.11.25"]
[SourceVersion "1"]
[SourceVersionDate "2010.11.25"]
[SourceQuality "1"]

1. d4 Nf6 2. c4 e6 3. Nf3 b6 4. Bg5 Bb7 5. e3 h6 6. Bh4 c5 7. Nc3 cxd4 8. exd4 Be7 9. Bd3 0-0 10. 0-0 d5 11. Qe2 dxc4 12. Bxc4 Nc6 13. Rad1 Nb4 14. Ne5 Nbd5 15. Bg3 Rc8 16. Rc1 Bb4 17. Nb5 Ra8 18. f3 a6 19. Nc3 b5 20. Bb3 Rc8 21. Ne4 Qb6 22. Nc5 Rxc5 23. dxc5 Bxc5+ 24. Kh1 Rd8 25. Nd3 Be3 26. Bf2 a5 27. Bxe3 Nxe3 28. Rfe1 Nf5 29. Nc5 Bd5 30. Red1 a4 31. Bxd5 Nxd5 32. Ne4 Nfe3 33. Rd3 Rb8 34. Nc3 Nxc3 35. Rdxc3 Nd5 36. Rc6 Qd4 37. Qe4 Qxe4 38. fxe4 Ne7 39. Rc7 Kf8 40. Ra7 Ng6 41. Rcc7 Ne5 42. h3 g5 43. Rab7 Ra8 44. Rxb5 f6 45. Rbb7 g4 46. hxg4 1-0

[Event "CRO-chT1B 18th"]
[Site "Sibenik"]
[Date "2009.09.23"]
[Round "3"]
[White "Biliskov, Vjekoslav"]
[Black "Malenica, Mario"]
[Result "1/2-1/2"]
[WhiteElo "2281"]
[BlackElo "2223"]
[PlyCount "63"]
[EventDate "2009.09.21"]
[EventType "team-tourn"]
[EventRounds "9"]
[EventCountry "CRO"]
[SourceTitle "EXT 2010"]
[Source "ChessBase"]
[SourceDate "2010.11.25"]
[SourceVersion "1"]
[SourceVersionDate "2010.11.25"]
[SourceQuality "1"]

1. d4 Nf6 2. c4 g6 3. Nc3 Bg7 4. e4 d6 5. h3 0-0 6. Bg5 Nbd7 7. Nf3 e5 8. d5 a5 9. Nd2 h6 10. Be3 c6 11. Be2 Qe7 12. g4 Nh7 13. Qc2 Nc5 14. 0-0-0 Bd7 15. Kb1 Rfc8 16. h4 Na6 17. Nf1 Nb4 18. Qd2 Qf8 19. a3 cxd5 20. cxd5 Na6 21. h5 g5 22. Ng3 Nc5 23. Ka2 b5 24. Bxb5 Bxg4 25. Rc1 Rab8 26. Bxc5 Rxc5 27. Bc6 Qd8 28. Na4 Rxc1 29. Rxc1 Nf6 30. b4 axb4 31. axb4 Nd7 32. b5 1/2-1/2

[Event "CRO-chT1B 17th"]
[Site "Sibenik"]
[Date "2008.09.27"]
[Round "1"]
[White "Gabre, Zeljko"]
[Black "Malenica, Mario"]
[Result "1-0"]
[WhiteElo "2159"]
[BlackElo "2228"]
[PlyCount "111"]
[EventDate "2008.09.27"]
[EventType "team"]
[EventRounds "9"]
[EventCountry "CRO"]
[SourceTitle "CBM 126 Extra"]
[Source "ChessBase"]
[SourceDate "2008.11.05"]
[SourceVersion "1"]
[SourceVersionDate "2008.11.05"]
[SourceQuality "1"]

1. e4 d6 2. d4 Nf6 3. Nc3 g6 4. Bg5 Bg7 5. Qd2 h6 6. Bf4 g5 7. Be3 Ng4 8. 0-0-0 Nxe3 9. Qxe3 Nc6 10. Bb5 Bd7 11. Nge2 a6 12. Ba4 b5 13. Bb3 Na5 14. Ng3 Nxb3+ 15. axb3 h5 16. Nf5 Bxf5 17. exf5 d5 18. Rhe1 Bf6 19. Kb1 Qd6 20. g3 c6 21. Na2 a5 22. f4 gxf4 23. gxf4 Kd7 24. c4 b4 25. c5 Qc7 26. Nc1 a4 27. Nd3 a3 28. Ne5+ Ke8 29. Kc2 a2 30. Rg1 Bxe5 31. fxe5 Kd8 32. Ra1 Qd7 33. Qf4 Kc8 34. Rg7 Qe8 35. Qd2 Rg8 36. Qg5 Rxg7 37. Qxg7 Kb7 38. Kd3 Kc7 39. Qh7 Kb7 40. Ke3 Qf8 41. Kf4 Qg8 42. Qxg8 Rxg8 43. Rxa2 Rg4+ 44. Ke3 Rh4 45. Ra4 Rh3+ 46. Kf4 Rxb3 47. Kg5 Rxb2 48. h4 b3 49. Kxh5 Rb1 50. Rb4+ Ka7 51. Kh6 b2 52. Kg7 e6 53. f6 Rg1+ 54. Kxf7 b1Q 55. Rxb1 Rxb1 56. Kxe6 1-0